Investičné prostredie v krajinách V4 diplomová práca

Gespeichert in:
Bibliographische Detailangaben
1. Verfasser: Majerczaková, Michaela
Körperschaft: Obchodná fakulta EU. Katedra medzinárodného obchodu
Weitere Verfasser: Hrinko, Ján, 1992-
Format: Buch
Sprache:Slowakisch
Veröffentlicht: Bratislava 2025
Tags: Tag hinzufügen
Keine Tags, Fügen Sie das erste Tag hinzu!

MARC

LEADER 00000nbm a2200000 4500
001 0310327
005 20251110132844.2
041 0 |a slo 
044 |a SK 
245 1 0 |a Investičné prostredie v krajinách V4  |b diplomová práca  |c Michaela Majerczaková ; školiteľ: Ján Hrinko 
264 1 |a Bratislava  |c 2025 
300 |a 115 s. 
100 1 |a Majerczaková, Michaela 
700 1 |a Hrinko, Ján, 1992- 
710 2 |a Obchodná fakulta EU. Katedra medzinárodného obchodu